000 01261nam a2200289 a 4500
001 266
003 BD-RjUL
005 20211208233138.0
008 131117s20051978ii d b 001 0 eng
020 _aGeoffrey Gordon
035 _a(BD-RjUL)283
040 _aDLC
_cDLC
_dDLC
_dBD-RjUL
_beng
041 _aeng
082 0 4 _a003.3
_223
_bGOS 2005
100 1 _aGordon, Geoffrey,
_9873
245 1 0 _aSystem simulation /
_cGeoffrey Gordon.
250 _a2nd ed.
260 _aNew Delhi :
_bPrentice-Hall,
_cc1978 [Reprinted 2004, 2005].
300 _axii, 324 p. :
_bill. ;
_c25 cm.
504 _aIncludes bibliographies and index.
505 0 _aSystem models -- System simulation -- Continuous system simulation -- Industrial dynamics -- The dynamo programming language -- Probability concepts in simulation -- Arrival patterns and service times -- Discrete system simulation -- Simulation with FORTRAN -- Simulation programming techniques -- Introduction to GPSS -- GPSS examples -- Introduction to simscript -- Management of sets in simscript -- Verification of simulation results.
_tContent
526 _bComputer Science.
650 0 _aDigital computer simulation.
_9811
650 0 _aSystem analysis.
_9874
942 _2ddc
_cBK
999 _c266
_d266